Древнерусская миниатюра

Bibliographische Detailangaben
1. Verfasser: Свирин А. Н.
Sprache:Russisch
Veröffentlicht: Москва, Искусство, 1950
Schlagworte:
Format: MixedMaterials Buch
KOHA link:https://koha.lib.tpu.ru/cgi-bin/koha/opac-detail.pl?biblionumber=261923

MARC

LEADER 00000nam0a2200000 4500
001 261923
005 20231101233616.0
035 |a (RuTPU)RU\TPU\book\284905 
090 |a 261923 
100 |a 20140528d1950 m y0rusy50 ca 
101 0 |a rus 
102 |a RU 
105 |a af z 001zy 
200 1 |a Древнерусская миниатюра  |f А. Н. Свирин 
210 |a Москва  |c Искусство  |d 1950 
215 |a 149 с.  |c ил. 
320 |a Примечания: с. 141-146 
320 |a Указатель рукописей, упоминаемых в тексте: с. 147-149. 
606 1 |a Миниатюры  |2 stltpush  |3 (RuTPU)RU\TPU\subj\44067  |9 63448 
610 1 |a книжные иллюстрации 
610 1 |a оформление книги 
610 1 |a рукописная литература 
675 |a 75.056  |v 3 
686 |a Ч611.62  |v LBC/SL-A  |2 rubbk 
700 1 |a Свирин  |b А. Н. 
801 1 |a RU  |b 63413507  |c 20140528 
801 2 |a RU  |b 63413507  |c 20221124  |g RCR 
942 |c BK